000 00294nam a2200121Ia 4500
008 190216s9999||||xx |||||||||||||| ||und||
100 _aAcharya Hansa Vardhini
245 0 _aHindi- Lok Prasasan Kosh
260 _bSree Jain Pub . House
_c2001
300 _a475
650 _aHindi
942 _cBK
999 _c16109
_d16109